Effect of plant density on growth of artemisia annua at peam cheang rubber plantation, kompongcham ឥទ្ធិពលដង់ស៊ីតេទៅលើការលូតលាស់របស់កូនរុក្ខជាតិអាតេមីស៊ីយ៉ា អានុយអា នៅចំការកៅស៊ូពាមជាំង ខេត្ដកំពង់ចាម (Record no. 700)
[ view plain ]
| 000 -LEADER | |
|---|---|
| fixed length control field | 00752nam a22001577a 4500 |
| 003 - CONTROL NUMBER IDENTIFIER | |
| control field | OSt |
| 005 - DATE AND TIME OF LATEST TRANSACTION | |
| control field | 20150918094028.0 |
| 008 - FIXED-LENGTH DATA ELEMENTS--GENERAL INFORMATION | |
| fixed length control field | 150918b xxu||||| |||| 00| 0 eng d |
| 040 ## - CATALOGING SOURCE | |
| Transcribing agency | RUA |
| 082 ## - DEWEY DECIMAL CLASSIFICATION NUMBER | |
| Classification number | AGR SUN 2005 B031 Or.1 |
| 100 ## - MAIN ENTRY--PERSONAL NAME | |
| 9 (RLIN) | 727 |
| Personal name | SUN, SOKHUN. |
| 245 ## - TITLE STATEMENT | |
| Title | Effect of plant density on growth of artemisia annua at peam cheang rubber plantation, kompongcham ឥទ្ធិពលដង់ស៊ីតេទៅលើការលូតលាស់របស់កូនរុក្ខជាតិអាតេមីស៊ីយ៉ា អានុយអា នៅចំការកៅស៊ូពាមជាំង ខេត្ដកំពង់ចាម |
| 260 ## - PUBLICATION, DISTRIBUTION, ETC. (IMPRINT) | |
| Place of publication, distribution, etc. | Phnom Penh |
| Name of publisher, distributor, etc. | RUA |
| Date of publication, distribution, etc. | 2005 |
| 300 ## - PHYSICAL DESCRIPTION | |
| Extent | xii; 55p. |
| Other physical details | ill. |
| Dimensions | 29cm. |
| 942 ## - ADDED ENTRY ELEMENTS (KOHA) | |
| Source of classification or shelving scheme | |
| Koha item type | AGR |
| Price effective from | Date last seen | Permanent Location | Not for loan | Date acquired | Source of classification or shelving scheme | Koha item type | Barcode | Lost status | Damaged status | Shelving location | Withdrawn status | Current Location | Full call number |
|---|---|---|---|---|---|---|---|---|---|---|---|---|---|
| 2015-09-18 | 2015-09-18 | Library Block B | 2015-09-18 | AGR | RUA001115 | B031 | Library Block B | AGR SUN 2005 B031 Or.1 | |||||
| 2015-09-18 | 2015-09-18 | Library Block B | 2015-09-18 | AGR | RUA001331 | B031 | Library Block B | AGR SUN 2005 B031 Or.2 | |||||
| 2015-09-18 | 2015-09-18 | Library Block B | 2015-09-18 | AGR | RUA002298 | B031 | Library Block B | AGR SUN 2005 B031 Or.3 | |||||
| 2015-09-18 | 2015-09-18 | Library Block B | 2015-09-18 | AGR | RUA002439 | B031 | Library Block B | AGR SUN 2005 B031 Or.4 | |||||
| 2015-09-18 | 2015-09-18 | Library Block B | 2015-09-18 | AGR | RUA002297 | B031 | Library Block B | AGR SUN 2005 B031 Or.5 | |||||
| 2015-09-18 | 2015-09-18 | Library Block B | 2015-09-18 | AGR | RUA002444 | B031 | Library Block B | AGR SUN 2005 B031 Or.6 |